00627cam a22002171 45000010009000000050017000090080041000260100017000670350019000840400017001030410008001200800011001280820014001391000007001531010008001602450054001689060045002229420012002679990017002799520113002961016018420180224025114.0770629s1932 xx 000 0 eng  a 32032252  a(OCoLC)3083009 aDLCcOCdDLC aeng a339.2  a339.2 FAI1 a53 aMNG10aProfits or prosperity?cBy Henry Pratt Fairchild. a7bcbccoclcrplduencipf19gy-gencatlg 2ddccBK c43341d43341 00102udc40708PËKGa002b002cPËKGd2018-02-24l0o339.2 FAIp002-2999620r2018-02-24w2018-02-24yBK